000 00219nam a2200097Ia 4500
008 190216s9999||||xx |||||||||||||| ||und||
100 _aVaikam Muhammed Basheer
245 0 _aNeerum Nunayum
260 _bNull
942 _cBK
999 _c24818
_d24818